00405 a2200145 4500003000400000005001700004008004100021020001800062040000900080082002100089100002000110245007900130260003600209300001400245OSt20221101103344.0221101b ||||| |||| 00| 0 eng d a9780070655720 coclc a647.94068bAND/T1 aAndrews, Sudhir aTextbook of hotel housekeeping management and operations /cSudhir Andrews aNew Delhi:bMc grawhill,c2016. a478 pages